[Event "40th Olympiad Women"]
[Site "Istanbul TUR"]
[Date "2012.09.03"]
[Round "6.20"]
[Board "3"]
[White "Hejazipour, Mitra"]
[Black "Partac, Elena"]
[Result "1-0"]
[WhiteTitle "WIM"]
[BlackTitle "WGM"]
[WhiteElo "2237"]
[BlackElo "2102"]
[WhiteTeam "Iran"]
[BlackTeam "Moldova"]
[WhiteFideId "12505951"]
[BlackFideId "13901001"]
[EventDate "2012.08.28"]

1. d4 Nf6 2. Nf3 e6 3. c4 Bb4+ 4. Nbd2 d5 5. Qa4+ Nc6 6. a3 Be7 7. e3 O-O 8. Qc2
Re8 9. b4 Bf8 10. Bb2 Ne7 11. Bd3 c6 12. O-O Ng6 13. Ne5 dxc4 14. Ndxc4 Nd5 15.
g3 Nb6 16. Rad1 Nxc4 17. Nxc4 Qc7 18. h4 Be7 19. h5 Nf8 20. e4 h6 21. Bc1 Nd7
22. Bf4 Qd8 23. e5 Bg5 24. Qd2 Bxf4 25. Qxf4 Nf8 26. Rfe1 Re7 27. Re4 Nh7 28.
Qe3 Ng5 29. Rg4 Rd7 30. Bc2 b6 31. Nd6 f5 32. Rh4 Nf7 33. Nxf5 exf5 34. e6 Re7
35. exf7+ Kxf7 36. Qf3 Qd6 37. Rf4 Kg8 38. Bxf5 Bxf5 39. Rxf5 Rae8 40. Kg2 Re1
41. Rxe1 Rxe1 42. b5 Rc1 43. Qe3 Ra1 44. Qe8+ Kh7 45. Qe4 Kg8 46. bxc6 1-0

[Event "40th Olympiad Women"]
[Site "Istanbul TUR"]
[Date "2012.09.03"]
[Round "6.20"]
[Board "4"]
[White "Hincu, Olga"]
[Black "Ghader Pour, Shayesteh"]
[Result "0-1"]
[BlackTitle "WIM"]
[WhiteElo "1931"]
[BlackElo "2218"]
[WhiteTeam "Moldova"]
[BlackTeam "Iran"]
[WhiteFideId "13904108"]
[BlackFideId "12500747"]
[EventDate "2012.08.28"]

1. d4 Nf6 2. Nf3 e6 3. g3 b5 4. Bg2 Bb7 5. O-O c5 6. c4 bxc4 7. Qa4 cxd4 8. Nxd4
Bxg2 9. Kxg2 Be7 10. Nd2 c3 11. bxc3 O-O 12. Ba3 Bxa3 13. Qxa3 d5 14. Rab1 Qd7
15. N2b3 Ne4 16. Na5 Nd2 17. Rb7 Qc8 18. Qb2 Nxf1 19. Kxf1 e5 20. Nf3 Nd7 21.
Qb5 Nc5 0-1

[Event "40th Olympiad Women"]
[Site "Istanbul TUR"]
[Date "2012.09.03"]
[Round "6.21"]
[Board "1"]
[White "Zozulia, Anna"]
[Black "Heredia Serrano, Carla"]
[Result "1-0"]
[WhiteTitle "IM"]
[BlackTitle "WIM"]
[WhiteElo "2346"]
[BlackElo "2242"]
[WhiteTeam "Belgium"]
[BlackTeam "Ecuador"]
[WhiteFideId "14102110"]
[BlackFideId "3603687"]
[EventDate "2012.08.28"]

1. e4 c6 2. d4 d5 3. Nc3 dxe4 4. Nxe4 Bf5 5. Ng3 Bg6 6. h4 h6 7. Nf3 Nd7 8. h5
Bh7 9. Bd3 Bxd3 10. Qxd3 e6 11. Bd2 Ngf6 12. O-O-O Be7 13. Kb1 O-O 14. Ne4 Qc7
15. Nxf6+ Nxf6 16. g4 Nxg4 17. Qe2 Kh8 18. Rhg1 f5 19. Qxe6 Rae8 20. Rde1 Qd8
21. Qb3 Bf6 22. Qxb7 Qd5 23. Qb3 Nxf2 24. Qxd5 cxd5 25. Bb4 Rxe1+ 26. Rxe1 Rb8
27. Bd6 Rd8 28. Be7 Re8 29. Bxf6 Rxe1+ 30. Nxe1 gxf6 31. Ng2 Nh3 32. Kc1 Kg7 33.
Kd2 Kf7 34. Ke3 Ng5 35. Nf4 Ne4 36. Nxd5 Ng3 37. Nf4 Nf1+ 38. Kd3 Ke7 39. b4 Ng3
40. c4 Ne4 41. d5 a6 42. Kd4 1-0

[Event "40th Olympiad Women"]
[Site "Istanbul TUR"]
[Date "2012.09.03"]
[Round "6.21"]
[Board "3"]
[White "Goossens, Hanne"]
[Black "Vasquez Ramirez, Rocio"]
[Result "1-0"]
[BlackTitle "WIM"]
[WhiteElo "1998"]
[BlackElo "2132"]
[WhiteTeam "Belgium"]
[BlackTeam "Ecuador"]
[WhiteFideId "200468"]
[BlackFideId "3600750"]
[EventDate "2012.08.28"]

1. e4 c5 2. Nf3 e6 3. d4 cxd4 4. Nxd4 a6 5. Bd3 Bc5 6. Nb3 Be7 7. Qg4 g6 8. Qe2
d6 9. Nc3 Nd7 10. f4 Qc7 11. Be3 Ngf6 12. g4 Nc5 13. O-O-O b5 14. g5 Nfd7 15.
Bd4 O-O 16. h4 b4 17. h5 Nxb3+ 18. axb3 Nc5 19. Qh2 Bxg5 20. fxg5 Nxb3+ 21. cxb3
e5 22. hxg6 fxg6 23. Bc4+ Kh8 1-0

[Event "40th Olympiad Women"]
[Site "Istanbul TUR"]
[Date "2012.09.03"]
[Round "6.22"]
[Board "1"]
[White "Batchimeg, Tuvshintugs"]
[Black "Cordero, Daniela"]
[Result "1-0"]
[WhiteTitle "WGM"]
[BlackTitle "WIM"]
[WhiteElo "2311"]
[BlackElo "2055"]
[WhiteTeam "Mongolia"]
[BlackTeam "Bolivia"]
[WhiteFideId "4900839"]
[BlackFideId "3301630"]
[EventDate "2012.08.28"]

1. d4 d6 2. e4 g6 3. Nc3 Bg7 4. f4 e6 5. Nf3 Ne7 6. Be3 Nd7 7. Be2 b6 8. Qd2 Bb7
9. O-O-O c6 10. h4 h5 11. Ng5 Qc7 12. Rhf1 Rf8 13. g4 Nf6 14. gxh5 Nxh5 15. f5
exf5 16. exf5 Nf6 17. fxg6 Nxg6 18. h5 Ne7 19. h6 Bh8 20. Rxf6 Bxf6 21. Nh7
O-O-O 22. Nxf6 a6 23. h7 Rh8 24. Bh6 1-0

[Event "40th Olympiad Women"]
[Site "Istanbul TUR"]
[Date "2012.09.03"]
[Round "6.22"]
[Board "2"]
[White "Borda, Carla"]
[Black "Yanjindulam, Dulamsuren"]
[Result "0-1"]
[WhiteTitle "WCM"]
[BlackTitle "WIM"]
[WhiteElo "1977"]
[BlackElo "2232"]
[WhiteTeam "Bolivia"]
[BlackTeam "Mongolia"]
[WhiteFideId "3301087"]
[BlackFideId "4900952"]
[EventDate "2012.08.28"]

1. e4 d6 2. d4 g6 3. Nc3 Bg7 4. f4 Nf6 5. Nf3 O-O 6. Be2 Na6 7. O-O c5 8. Bxa6
cxd4 9. Qxd4 bxa6 10. Kh1 Bb7 11. Qd3 Qc7 12. Nd5 Nxd5 13. exd5 Rac8 14. c3 e6
15. dxe6 fxe6 16. Be3 Bd5 17. Rf2 a5 18. Rd1 Bxa2 19. Rfd2 Bd5 20. Nd4 Qb7 21.
Qb5 Qc7 22. Qd3 a6 23. Ra1 Bc4 24. Qe4 e5 25. fxe5 d5 26. Qg4 Qxe5 27. Bg1 Rce8
28. Nf3 Qc7 29. Bd4 Re4 30. Qg3 Qxg3 31. hxg3 Bh6 32. Rf2 Rfe8 33. Rxa5 R4e6 34.
Kh2 Bf8 35. Ra1 Bd6 36. Kh3 Bb5 37. Kh2 Re4 38. Ng5 Rg4 39. Nf7 Rh4+ 40. Kg1
Bxg3 41. Rf3 Bf4 42. g3 Bxg3 43. Nh6+ Rxh6 44. Rxg3 Rh5 45. Kf2 Rh2+ 46. Kf3
Rf8+ 47. Kg4 Bd7+ 0-1

[Event "40th Olympiad Women"]
[Site "Istanbul TUR"]
[Date "2012.09.03"]
[Round "6.22"]
[Board "3"]
[White "Ankhchimeg, Bayanmunh"]
[Black "Estrada, Lucia"]
[Result "1-0"]
[WhiteTitle "WIM"]
[BlackTitle "WIM"]
[WhiteElo "2167"]
[BlackElo "2026"]
[WhiteTeam "Mongolia"]
[BlackTeam "Bolivia"]
[WhiteFideId "4900600"]
[BlackFideId "3301923"]
[EventDate "2012.08.28"]

1. e4 e6 2. d4 d5 3. e5 c5 4. c3 Qb6 5. Nf3 Nd7 6. Bd3 Ne7 7. a3 c4 8. Bc2 h6 9.
O-O Nc6 10. h3 Be7 11. Nh2 Nf8 12. Nd2 Bd7 13. Qh5 g6 14. Qf3 h5 15. Rb1 Nh7 16.
Re1 Qc7 17. Ndf1 Ng5 18. Qg3 h4 19. Qg4 Rh5 20. f4 Ne4 21. Bxe4 dxe4 22. Rxe4
Na5 23. Re1 O-O-O 24. Qe2 Bc6 25. Nd2 Bd5 26. Ng4 Rf5 27. Rf1 g5 28. fxg5 Rxf1+
29. Nxf1 Rg8 30. Nf6 Bxf6 31. exf6 Nb3 32. Be3 Qc6 33. Bf4 b6 34. Re1 Na5 35.
Ne3 Nb7 36. Ng4 Nd6 37. Qe5 Kd7 38. Qxd6+ Qxd6 39. Bxd6 Kxd6 40. Ne5 Rf8 41. Rf1
Be4 42. Nxc4+ Kc7 43. Rf4 Bd5 44. Ne5 Kd8 45. Nxf7+ 1-0

[Event "40th Olympiad Women"]
[Site "Istanbul TUR"]
[Date "2012.09.03"]
[Round "6.23"]
[Board "2"]
[White "Puuska, Heini"]
[Black "Daulyte, Deimante"]
[Result "0-1"]
[WhiteTitle "WFM"]
[BlackTitle "WGM"]
[WhiteElo "1995"]
[BlackElo "2216"]
[WhiteTeam "Finland"]
[BlackTeam "Lithuania"]
[WhiteFideId "502324"]
[BlackFideId "12802859"]
[EventDate "2012.08.28"]

1. d4 Nf6 2. Nf3 g6 3. Bg5 Bg7 4. Nbd2 d6 5. e4 O-O 6. Bd3 c5 7. dxc5 dxc5 8.
Qe2 Nc6 9. c3 Be6 10. O-O Qc7 11. Bc4 Bxc4 12. Nxc4 h6 13. Bh4 Nh5 14. Bg3 Nxg3
15. hxg3 b5 16. Ne3 Qb7 17. Rad1 e6 18. Rd2 Rfd8 19. Rfd1 Rxd2 20. Rxd2 Rc8 21.
Qd3 Rd8 22. Qc2 Rxd2 23. Qxd2 a5 24. a3 a4 25. Qd6 Bf8 26. Qd3 b4 27. axb4 cxb4
28. cxb4 Qxb4 29. Qc4 Bc5 30. Qxb4 Nxb4 31. Nd1 Nd3 32. Nd2 Bd4 33. Nc4 Nxb2 34.
Ndxb2 Bxb2 35. Nd2 a3 36. Nb3 a2 37. f4 e5 38. fxe5 Bxe5 39. g4 Kg7 40. Kf2 Kf6 0-1

[Event "40th Olympiad Women"]
[Site "Istanbul TUR"]
[Date "2012.09.03"]
[Round "6.23"]
[Board "3"]
[White "Ziogaite, Jovita"]
[Black "Nazarova, Anastasia"]
[Result "1-0"]
[WhiteElo "2052"]
[BlackElo "1693"]
[WhiteTeam "Lithuania"]
[BlackTeam "Finland"]
[WhiteFideId "12802573"]
[BlackFideId "34101737"]
[EventDate "2012.08.28"]

1. e4 c5 2. Nf3 g6 3. d4 cxd4 4. Nxd4 Nc6 5. Nc3 Bg7 6. Be3 Nf6 7. Nxc6 bxc6 8.
e5 Ng8 9. Bd4 Nh6 10. e6 Nf5 11. Bxg7 Nxg7 12. exf7+ Kxf7 13. Qf3+ Ke8 14. Bc4
Rf8 15. Qh3 Qb6 16. O-O Qxb2 17. Bb3 d6 18. Qd3 Qa3 19. Ne4 Kd8 20. Qc3 Ne8 21.
Qxc6 Nc7 22. Ba4 Rb8 23. Rab1 Rxb1 24. Rxb1 Qxa2 25. Rd1 Ne8 26. c4 Qb2 27. Bb5
Qc2 28. Rf1 Qb2 29. h3 Qd4 30. c5 d5 31. Ng5 Nc7 32. Nxh7 Rf7 33. Ng5 Rf6 34.
Nf7+ Rxf7 35. Qxg6 Rg7 36. Qh5 Qxc5 37. Qh8+ Ne8 38. Bxe8 Qd4 39. Bg6+ Kc7 40.
Rc1+ Kd6 41. Qxc8 Qh4 42. Bf5 Ke5 43. Qe6+ Kf4 44. Bg4 Kg5 45. f4+ Kxf4 46. Rf1+ 1-0

[Event "40th Olympiad Women"]
[Site "Istanbul TUR"]
[Date "2012.09.03"]
[Round "6.24"]
[Board "1"]
[White "Arda, Cagil Irmak"]
[Black "Hund, Barbara"]
[Result "0-1"]
[WhiteTitle "WCM"]
[BlackTitle "WGM"]
[WhiteElo "1634"]
[BlackElo "2211"]
[WhiteTeam "Turkey 2023"]
[BlackTeam "Switzerland"]
[WhiteFideId "6351700"]
[BlackFideId "1301446"]
[EventDate "2012.08.28"]

1. e4 e5 2. Nf3 Nc6 3. d4 exd4 4. Nxd4 Nf6 5. Nc3 Bb4 6. Nxc6 bxc6 7. Bd3 d5 8.
exd5 Qe7+ 9. Qe2 Qxe2+ 10. Bxe2 cxd5 11. Bb5+ Bd7 12. Bxd7+ Kxd7 13. O-O Bxc3
14. bxc3 c5 15. Ba3 Kc6 16. f3 Rhe8 17. Kf2 Nd7 18. Rfe1 Nb6 19. Rxe8 Rxe8 20.
Bc1 Na4 21. Bd2 Rb8 22. c4 d4 23. Re1 Nb2 24. Re7 Rb7 25. Rxb7 Kxb7 26. c3 Nxc4
27. Bc1 Kc6 28. cxd4 cxd4 29. Ke2 Kd5 30. Kd3 Ne5+ 31. Kc2 Kc4 32. f4 Nd3 33.
Bd2 f5 34. h3 g6 35. g4 Nf2 36. gxf5 gxf5 37. h4 h5 38. a4 Ng4 39. Be1 a6 40. a5
d3+ 41. Kd1 Kd4 42. Bg3 Ke3 43. Be1 Kxf4 44. Kd2 Ke4 45. Bg3 Ne3 46. Bf2 Nc4+
47. Kd1 Nxa5 48. Be1 Nc4 49. Bb4 a5 50. Bc3 a4 51. Ba1 f4 52. Ke1 f3 53. Bc3 a3
54. Bb4 a2 55. Bc3 d2+ 0-1

[Event "40th Olympiad Women"]
[Site "Istanbul TUR"]
[Date "2012.09.03"]
[Round "6.24"]
[Board "2"]
[White "Heinatz, Gundula"]
[Black "Onur, Cigdem"]
[Result "1-0"]
[WhiteTitle "WIM"]
[WhiteElo "2197"]
[BlackElo "1627"]
[WhiteTeam "Switzerland"]
[BlackTeam "Turkey 2023"]
[WhiteFideId "4612434"]
[BlackFideId "6346030"]
[EventDate "2012.08.28"]

1. d4 d5 2. Nf3 Nf6 3. c4 e6 4. g3 c6 5. Nbd2 Nbd7 6. Bg2 Be7 7. O-O O-O 8. Qc2
b6 9. e4 dxe4 10. Nxe4 Bb7 11. Rd1 Nxe4 12. Qxe4 Qc7 13. Qe2 Bd6 14. Be3 c5 15.
d5 exd5 16. cxd5 Nf6 17. Nh4 Rfe8 18. Rac1 Rad8 19. Nf5 g6 20. Nh6+ Kg7 21. b4
Qb8 22. bxc5 Bxc5 23. Rxc5 bxc5 24. Qb2 Ba8 25. Qc3 Qe5 26. Qxc5 Bxd5 27. Ng4
Qd6 28. Nxf6 Qxc5 29. Nxe8+ Rxe8 30. Bxc5 Bxa2 31. Bd4+ Kf8 32. Bxa7 Bb3 33. Rc1
Rd8 34. Bf3 Kg7 35. g4 Rd3 36. Be3 Rd8 37. Kg2 Bd5 38. Bxd5 Rxd5 39. Rc5 Rd8 40.
Kg3 Re8 41. Bd4+ Kg8 42. Bf6 Ra8 43. Rd5 Ra3+ 44. f3 Ra8 45. Rd8+ Rxd8 46. Bxd8
Kg7 47. Kf4 f6 48. Ke4 Kf7 49. Kd5 h6 50. Ba5 f5 51. gxf5 gxf5 52. Ke5 Kg6 53.
Bd2 1-0

[Event "40th Olympiad Women"]
[Site "Istanbul TUR"]
[Date "2012.09.03"]
[Round "6.24"]
[Board "3"]
[White "Okuyaz, Duru"]
[Black "De Seroux, Camille"]
[Result "0-1"]
[BlackTitle "WFM"]
[WhiteElo "1547"]
[BlackElo "2101"]
[WhiteTeam "Turkey 2023"]
[BlackTeam "Switzerland"]
[WhiteFideId "6346022"]
[BlackFideId "1305620"]
[EventDate "2012.08.28"]

1. e4 c5 2. Nf3 d6 3. d4 cxd4 4. Nxd4 Nf6 5. Nc3 Nc6 6. f3 e6 7. Be3 Be7 8. Qd2
O-O 9. O-O-O d5 10. exd5 Nxd5 11. Bc4 Nxe3 12. Qxe3 Qb6 13. Rhe1 Bc5 14. Na4
Bxd4 15. Qe4 Qa5 16. Bb3 Bf6 17. f4 Nd4 18. g4 Bd7 19. g5 Bc6 20. Qe3 Nxb3+ 21.
axb3 Be7 22. Nc3 Rfd8 23. h4 Bb4 24. Kb1 Bc5 25. Qg3 Rxd1+ 26. Rxd1 Rd8 27.
Rxd8+ Qxd8 28. h5 Qd4 29. Ka2 Qe3 30. Qh2 Qf2 31. Qh3 Qf3 32. Qh2 Qg2 0-1

[Event "40th Olympiad Women"]
[Site "Istanbul TUR"]
[Date "2012.09.03"]
[Round "6.25"]
[Board "1"]
[White "Greeff, Melissa"]
[Black "Coimbra, Margarida"]
[Result "1-0"]
[WhiteTitle "WGM"]
[BlackTitle "WFM"]
[WhiteElo "2091"]
[BlackElo "2116"]
[WhiteTeam "South Africa"]
[BlackTeam "Portugal"]
[WhiteFideId "14301504"]
[BlackFideId "1901192"]
[EventDate "2012.08.28"]

1. e4 e5 2. Nf3 Nc6 3. d4 exd4 4. Nxd4 Bc5 5. Nb3 Bb6 6. Nc3 d6 7. Qe2 Nge7 8.
Be3 Be6 9. O-O-O Qd7 10. Kb1 O-O-O 11. h3 Qe8 12. f4 f6 13. Bxb6 axb6 14. Qf3 d5
15. exd5 Nxd5 16. Bb5 Nxc3+ 17. Qxc3 Bd5 18. Rhe1 Qf7 19. g4 Rd6 20. Bd3 Rhd8
21. Rd2 Kb8 22. Rde2 Re6 23. Rxe6 Bxe6 24. Bxh7 Bxb3 25. Qxb3 Qxb3 26. cxb3 Rh8
27. Be4 Rxh3 28. Bxc6 bxc6 29. Re7 g6 30. Re6 Rg3 31. Rxc6 Rxg4 32. Rxf6 Rg2 33.
b4 b5 34. b3 Kb7 35. a4 c6 36. Rf7+ Kb8 37. Rg7 Rg4 38. Rf7 Rg2 39. Kc1 Rf2 40.
Rf6 Kb7 41. a5 Ka7 42. Rxg6 Rxf4 43. Rxc6 Rxb4 44. Kb2 Rh4 45. Ka3 Rg4 46. Rb6
Rh4 47. Rxb5 Ka6 48. Rg5 Rf4 49. Rd5 Rh4 50. b4 Rh3+ 51. Ka4 Rh4 52. Rd6+ Kb7
53. a6+ Ka7 54. Ka5 Rh1 55. Rd7+ Kb8 56. b5 Rh5 57. Rb7+ Ka8 58. Rc7 Kb8 59. Rd7
Rg5 60. Kb4 Rh5 61. b6 Rh4+ 62. Kc5 Rh5+ 63. Rd5 Rh8 64. Kb5 Rg8 65. a7+ Kb7 66.
Rd7+ Ka8 67. Ka6 1-0

[Event "40th Olympiad Women"]
[Site "Istanbul TUR"]
[Date "2012.09.03"]
[Round "6.25"]
[Board "2"]
[White "Baptista, Ana Filipa"]
[Black "Solomons, Anzel"]
[Result "1-0"]
[WhiteTitle "WFM"]
[BlackTitle "WIM"]
[WhiteElo "2152"]
[BlackElo "1927"]
[WhiteTeam "Portugal"]
[BlackTeam "South Africa"]
[WhiteFideId "1902970"]
[BlackFideId "14300800"]
[EventDate "2012.08.28"]

1. e4 e5 2. Nf3 Nc6 3. d4 exd4 4. Nxd4 Nf6 5. Bc4 Bc5 6. Be3 Qe7 7. Nf5 Qxe4 8.
Nxg7+ Kf8 9. Bd3 Qxg2 10. Bxc5+ Kxg7 11. Kd2 Qg5+ 12. Be3 Qh5 13. Rg1+ Kf8 14.
Qxh5 Nxh5 15. Bh6+ Ke8 16. Re1+ Ne7 17. Re5 f5 18. Bg5 h6 19. Bxe7 Kf7 20. Bc4+
Kg6 21. Nc3 d6 22. Rg1+ Kh7 23. Re3 Bd7 24. Rh3 Nf4 25. Rhg3 Nh5 26. Nd5 Nxg3
27. Nf6+ 1-0

[Event "40th Olympiad Women"]
[Site "Istanbul TUR"]
[Date "2012.09.03"]
[Round "6.25"]
[Board "3"]
[White "Frick, Denise"]
[Black "Oliveira, Maria Ines"]
[Result "1/2-1/2"]
[WhiteTitle "WIM"]
[WhiteElo "1896"]
[BlackElo "1927"]
[WhiteTeam "South Africa"]
[BlackTeam "Portugal"]
[WhiteFideId "14300818"]
[BlackFideId "1909436"]
[EventDate "2012.08.28"]

1. e4 c5 2. Nc3 e6 3. d3 Nc6 4. g3 Nf6 5. Bg2 Be7 6. f4 d5 7. e5 Nd7 8. Nf3 O-O
9. O-O Rb8 10. Ne2 b5 11. Be3 a5 12. c3 Ba6 13. Rc1 a4 14. g4 Qc7 15. d4 Nb6 16.
Bf2 cxd4 17. cxd4 Qd7 18. Bh3 b4 19. b3 axb3 20. axb3 Na7 21. Re1 Bxe2 22. Qxe2
Nb5 23. f5 Rbc8 24. Qd3 Nc3 25. g5 g6 26. f6 Bd8 27. Qe3 Na8 28. Qf4 Nc7 29. Bg4
N7b5 30. Qg3 Ne2+ 31. Rxe2 Rxc1+ 32. Kg2 Nc3 33. Qh4 Kh8 34. Qh6 Rg8 35. Re3 Nd1
36. Rd3 Nxf2 37. Kxf2 Rc3 38. Rd1 Bb6 39. h4 Rc2+ 40. Kg3 Qe8 41. h5 Qf8 42. Kf4
Rc3 43. hxg6 Qxh6 44. gxh6 hxg6 45. h7 Rf8 46. Ng5 Bc7 47. Nxf7+ Rxf7 48. Kg5
Rc6 49. Kxg6 Rf8 50. f7 Bd8 51. Rg1 Bh4 52. Bh5 Rc3 53. Bg4 Rg3 54. Rxg3 Bxg3
55. Bxe6 Bf2 56. Bxd5 Bxd4 57. e6 Bc5 58. Kf6 Kxh7 59. e7 Bxe7+ 60. Ke5 1/2-1/2

[Event "40th Olympiad Women"]
[Site "Istanbul TUR"]
[Date "2012.09.03"]
[Round "6.25"]
[Board "4"]
[White "Monteiro, Sara Cristina da Silva"]
[Black "Tlale, Tshepang"]
[Result "1-0"]
[WhiteTitle "WCM"]
[BlackTitle "WFM"]
[WhiteElo "1841"]
[BlackElo "1782"]
[WhiteTeam "Portugal"]
[BlackTeam "South Africa"]
[WhiteFideId "1909860"]
[BlackFideId "14304503"]
[EventDate "2012.08.28"]

1. d4 d5 2. Bg5 f6 3. Bf4 c5 4. e3 Nc6 5. Bd3 g6 6. Nf3 Bg7 7. c4 cxd4 8. exd4
Bg4 9. h3 Bxf3 10. Qxf3 dxc4 11. Bxc4 Qxd4 12. Nd2 e5 13. Be3 Qd7 14. Nb3 Nd4
15. Nxd4 exd4 16. Qe4+ Ne7 17. Qxd4 Qc6 18. O-O b5 19. Bb3 a6 20. Rac1 Qb7 21.
Bf4 Rd8 22. Qe3 f5 23. Qe6 1-0

[Event "40th Olympiad Women"]
[Site "Istanbul TUR"]
[Date "2012.09.03"]
[Round "6.26"]
[Board "1"]
[White "Medina, Warda Aulia"]
[Black "Munoz, Carolina"]
[Result "1-0"]
[WhiteTitle "WFM"]
[BlackTitle "WIM"]
[WhiteElo "2218"]
[BlackElo "1981"]
[WhiteTeam "Indonesia"]
[BlackTeam "Costa Rica"]
[WhiteFideId "7101570"]
[BlackFideId "6500579"]
[EventDate "2012.08.28"]

1. e4 c5 2. Nf3 d6 3. d4 cxd4 4. Nxd4 Nf6 5. Nc3 a6 6. Be2 e5 7. Nb3 Be7 8. O-O
Be6 9. Re1 O-O 10. Bf3 a5 11. a4 Na6 12. Nd2 Nb4 13. Nf1 Qc7 14. Ne3 Rfd8 15. h3
Rac8 16. Re2 d5 17. Nexd5 Bxd5 18. exd5 e4 19. Bxe4 Nxe4 20. Rxe4 Bf6 21. Bf4
Qb6 22. d6 Bxc3 23. bxc3 Rxc3 24. d7 h6 25. Re8+ Kh7 26. Be3 Qc7 27. Rxd8 Qxd8
28. Bb6 1-0

[Event "40th Olympiad Women"]
[Site "Istanbul TUR"]
[Date "2012.09.03"]
[Round "6.26"]
[Board "2"]
[White "Gamboa Alvarado, Leticia"]
[Black "Dewi, Aa Citra"]
[Result "0-1"]
[BlackTitle "WFM"]
[WhiteElo "1890"]
[BlackElo "2143"]
[WhiteTeam "Costa Rica"]
[BlackTeam "Indonesia"]
[WhiteFideId "6502270"]
[BlackFideId "7101244"]
[EventDate "2012.08.28"]

1. d4 Nf6 2. c4 g6 3. Nc3 Bg7 4. e4 d6 5. f4 O-O 6. Nf3 c5 7. d5 e6 8. dxe6 Bxe6
9. Bd3 Nc6 10. O-O Bg4 11. h3 Bxf3 12. Qxf3 Nd4 13. Qf2 Nd7 14. g4 a6 15. a4 Nb3
16. Be3 Nxa1 17. Rxa1 Rc8 18. Kg2 Rc6 19. Rh1 Rb6 20. Bc1 Bd4 21. Qg3 Nf6 22. h4
Rb3 23. Bc2 Rb4 24. b3 Qd7 25. f5 Kh8 26. h5 gxf5 27. g5 Nxe4 28. Bxe4 fxe4 29.
Nd5 Qe6 30. Nxb4 cxb4 31. Bf4 Rg8 32. Rd1 Be5 33. Bxe5+ Qxe5 34. Qxe5+ dxe5 35.
h6 Rxg5+ 36. Kf2 f5 37. Rd7 f4 38. Rxb7 e3+ 39. Ke2 Rg2+ 40. Kf3 Rf2+ 41. Ke4
Kg8 42. Kf5 Rh2 43. Rg7+ Kf8 44. Rxh7 e2 45. Kf6 Kg8 46. Rg7+ Kh8 47. Kxe5 0-1

[Event "40th Olympiad Women"]
[Site "Istanbul TUR"]
[Date "2012.09.03"]
[Round "6.26"]
[Board "3"]
[White "Aay, Aisyah Anisa"]
[Black "Acevedo Mendez, Lisseth"]
[Result "1/2-1/2"]
[WhiteElo "1818"]
[BlackElo "1843"]
[WhiteTeam "Indonesia"]
[BlackTeam "Costa Rica"]
[WhiteFideId "7102895"]
[BlackFideId "6502938"]
[EventDate "2012.08.28"]

1. e4 e5 2. Nf3 Nc6 3. d4 exd4 4. Nxd4 Nf6 5. Nxc6 bxc6 6. Bd3 d5 7. exd5 cxd5
8. O-O Be7 9. Bf4 O-O 10. Nd2 c5 11. c4 Ba6 12. Qc2 d4 13. Rfe1 Re8 14. Ne4 Nh5
15. Bg3 Nxg3 16. Nxg3 g6 17. Be4 Rb8 18. Bc6 Rf8 19. Qe2 Bd6 20. Ne4 Rb6 21. Bd5
Be7 22. Ng3 Bh4 23. Qd2 Bg5 24. f4 Bh4 25. Re5 Bf6 26. Re2 Qb8 27. Ne4 Qc7 28.
Rae1 Be7 29. b3 Rd8 30. Nf2 Bd6 31. g3 Bf8 32. Re5 Bb7 33. Bxb7 Rxb7 34. f5 Rb6
35. Ng4 h5 36. Nh6+ Kh7 37. fxg6+ Rxg6 38. Nf5 Qc6 39. Qd3 Qf6 40. Qe4 Rg4 41.
Qd3 Kh8 42. Kh1 Rg5 43. h4 Rg6 44. Qe2 Rg4 45. Ne7 Rxg3 46. Rxh5+ Bh6 47. Kh2
Re3 48. Qf1 Qd6+ 49. Kh1 Qxe7 50. Rxh6+ Kg7 51. Rxe3 dxe3 52. Rh5 Qe4+ 53. Qg2+
Qxg2+ 54. Kxg2 Rd1 55. Re5 Rd2+ 56. Kf3 Rxa2 57. Kxe3 Rb2 58. Rxc5 Rxb3+ 59. Kf4
Rc3 60. Kg5 a5 61. Rxa5 Rxc4 62. Rf5 Rc6 63. h5 f6+ 64. Kg4 Kh6 65. Kh4 Rc4+ 66.
Kg3 Ra4 67. Rxf6+ Kxh5 68. Rf5+ Kg6 69. Rb5 1/2-1/2

[Event "40th Olympiad Women"]
[Site "Istanbul TUR"]
[Date "2012.09.03"]
[Round "6.27"]
[Board "2"]
[White "Dengler, Dijana"]
[Black "Garcia Morales, Ivette Ale"]
[Result "1/2-1/2"]
[WhiteTitle "WFM"]
[WhiteElo "2066"]
[BlackElo "2014"]
[WhiteTeam "Bosnia & Herzegovina"]
[BlackTeam "Mexico"]
[WhiteFideId "14400081"]
[BlackFideId "5105994"]
[EventDate "2012.08.28"]

1. d4 e6 2. Nf3 Nf6 3. Bg5 d5 4. e3 Be7 5. Bd3 c5 6. c3 O-O 7. Nbd2 b6 8. O-O
Bb7 9. Ne5 Nbd7 10. f4 Ne4 11. Bxe7 Qxe7 12. Nxd7 Qxd7 13. Qc2 Nxd2 14. Qxd2 f6
15. Qe2 Rae8 16. Qh5 g6 17. Qg4 f5 18. Qe2 c4 19. Bc2 Bc6 20. Rf2 Rb8 21. g4 Rb7
22. h4 Qe7 23. h5 gxh5 24. gxh5 Qh4 25. Rh2 Rg7+ 26. Kh1 Qg3 27. Qf2 Kf7 28. Rg1
Qxg1+ 29. Qxg1 Rxg1+ 30. Kxg1 Rg8+ 31. Kf2 h6 32. Bd1 Ke7 33. Rh1 Kd6 34. Be2 b5
35. Rb1 Kc7 36. b3 Rg7 37. Bf3 a6 38. Be2 Rg8 39. Bf3 Rg7 40. Be2 Rg8 41. Ra1
Kb6 42. Bf3 Rg7 43. Rb1 Kc7 44. Be2 Rg8 45. Bf3 Rg7 46. Be2 1/2-1/2

[Event "40th Olympiad Women"]
[Site "Istanbul TUR"]
[Date "2012.09.03"]
[Round "6.27"]
[Board "3"]
[White "Guerrero Rodriguez, Alejandra"]
[Black "Dedijer, Sanja"]
[Result "1/2-1/2"]
[WhiteTitle "WIM"]
[WhiteElo "2072"]
[BlackElo "2036"]
[WhiteTeam "Mexico"]
[BlackTeam "Bosnia & Herzegovina"]
[WhiteFideId "5104297"]
[BlackFideId "14401878"]
[EventDate "2012.08.28"]

1. e4 e5 2. Nf3 Nc6 3. Bb5 a6 4. Ba4 Nf6 5. O-O Be7 6. Re1 d6 7. c3 Bg4 8. d3
Nd7 9. Nbd2 O-O 10. h3 Bh5 11. Nf1 b5 12. Bc2 Kh8 13. Ng3 Bxf3 14. Qxf3 Bg5 15.
Nf5 g6 16. Ne3 Nf6 17. g3 Ng8 18. h4 Bh6 19. Kg2 Qf6 20. Qd1 Qg7 21. h5 Nce7 22.
d4 Rad8 23. Nd5 Bxc1 24. Rxc1 c5 25. Rh1 exd4 26. h6 Qe5 27. f4 Qe6 28. Nxe7
Nxe7 29. cxd4 f5 30. Re1 fxe4 31. Rxe4 Qf6 32. Re2 Nf5 33. Bxf5 Qxf5 34. Qd2 g5
35. dxc5 gxf4 36. Qd4+ Qf6 37. Qxf4 Qxf4 38. gxf4 dxc5 39. Rxc5 Rxf4 40. Rf2
Rg4+ 41. Kf3 Rg6 42. Rh2 Kg8 43. Kf4 Re8 44. Rhh5 Rf8+ 45. Rcf5 Rxf5+ 1/2-1/2